Normal view MARC view

Entry Topical Term

Number of records used in: 1

001 - CONTROL NUMBER

  • control field: 59081

003 - CONTROL NUMBER IDENTIFIER

  • control field: OSt

005 - DATE AND TIME OF LATEST TRANSACTION

  • control field: 20260218145031.0

008 - FIXED-LENGTH DATA ELEMENTS

  • fixed length control field: 260218|| aca||aabn | a|a d

040 ## - CATALOGING SOURCE

  • Original cataloging agency: OSt
  • Transcribing agency: OSt

150 ## - HEADING--TOPICAL TERM

  • Topical term or geographic name entry element: Economics, Agriculture, One District One Product, Rural Transformation, Policy Strategy, India, Value Addition, Market Access, Rural Development, Employment Generation, Sustainable Growth, Regional Specialization

670 ## - SOURCE DATA FOUND

  • Source citation: Work cat.: (OSt)527906: Lalitha, N. 59080, One district one product in agriculture: A strategy for rural transformation

Powered by Koha